دليل مختصر عن الآثار الهامة
محفوظ في:
مؤلف مشترك:
التنسيق: كتاب
اللغة: Undetermined
منشور في:
Cairo
Matbaeat almaehad aleilmii alfaransii lilathar alsharqia
1928
الوسوم: إضافة وسم
لا توجد وسوم, كن أول من يضع وسما على هذه التسجيلة!
رقم الطلب: A75 EGYP
| LEADER | 00367nam a2200121Ia 4500 | ||
|---|---|---|---|
| 008 | 240404s9999||||xx |||||||||||||| ||und|| | ||
| 050 | 4 | |a A75 EGYP | |
| 110 | 0 | |a Egyptian Museum. | |
| 245 | 1 | 0 | |a دليل مختصر عن الآثار الهامة |
| 264 | 1 | |a Cairo |b Matbaeat almaehad aleilmii alfaransii lilathar alsharqia |c 1928 | |
| 300 | |a 191 |c 19 | ||
| 942 | |2 lcc |c BK | ||
| 999 | |c 58167 |d 58167 | ||
